000 00567nam a2200181Ia 4500
008 090124s9999 xx 000 0 und d
082 _b121064
100 _aरांगणेकर कुमुदिनी
245 _a एकलीच दीपकळी
250 _a1
260 _c1985
300 _a236
600 _aरांगणेकर कुमुदिनी
630 _a एकलीच दीपकळी
700 _aरांगणेकर कुमुदिनी
730 _a एकलीच दीपकळी
942 _cBOOK
999 _c167150
_d167150